Datum a čas kvízu
41.5
Celkem bodů
Celkový počet nahraných bodů na tomto kvízu bez doplňovacích otázek.
2.
Pořadí na kvízu
Konečné umístění týmu na tomto kvízu.
Zaznamenané odpovědi
| # | Otázka | Odpověď | Body | Výsledky |
|---|---|---|---|---|
| 1. | Více než dvacet tisíc Čechů se... | Black Hawk (UH-60), Čestmír | 0.5 | |
| 2. | Jednou z nejznámějších oslav k... | do bílé | 0 | |
| 3. | V sobotu proběhlo 32. slavnost... | Oldřich Kaiser, Zahradníkův rok | 1 | |
| 4. | V letošním ročníku soutěže Vis... | Kytary.cz | 1 | |
| 5. | Minulý týden skončila základní... | 1C 2B 3A 4D | 1 | |
| 6. | V minulém semestru jsme probír... | pobřišnice | 0 | |
| 7. | Jak se česky nazývá céva, ozna... | dolní dutá žíla | 1 | |
| 8. | Která z těchto částí trávicí s... | C | 1 | |
| 9. | Kterým českým výrazem je pojme... | dvanáctník (lze uznat i starší název dvanácterník) | 1 | |
| 10. | Tato šedě růžová laločnatá žlá... | slinivka břišní, pankreas | 1 |